[Event "Sochi FIDE GP"]
[Site "Sochi"]
[Date "2008.08.08"]
[Round "8"]
[White "Gelfand, Boris"]
[Black "Wang, Yue"]
[Result "0-1"]
[WhiteElo "2720"]
[BlackElo "2704"]
[Annotator "Ftacnik,L"]
[PlyCount "108"]
[EventDate "2008.07.31"]
[EventType "tourn"]
[EventRounds "13"]
[EventCountry "RUS"]
[EventCategory "19"]
[SourceTitle "CBM 126"]
[Source "ChessBase"]
[SourceDate "2008.10.01"]
[SourceVersion "1"]
[SourceVersionDate "2008.10.01"]
[SourceQuality "1"]

1. d4 d5 2. c4 c6 3. Nc3 Nf6 4. Nf3 dxc4 5. a4 Bf5 6. Ne5 Nbd7 7. Nxc4 Nb6 8.
Ne5 a5 9. g3 e6 10. Bg2 Bb4 11. O-O O-O 12. e3 h6 13. Qe2 Bh7 14. Rd1 Nfd7 15.
Nd3 Qe7 16. e4 e5 17. Nxe5 {The first inaccuracy at a critical moment.
Exchange on the e5-square was better introduced by the pawn swap.} (17. d5 Rfd8
(17... Bd6 18. b3 Rac8 19. dxc6 bxc6 20. Be3 Kh8 21. Rac1 f6 22. Nb1 Bg8 23.
Nd2 Be6 {1/2 Sasikiran,K (2677)-Barbosa,O (2410)/Kolkata 2008/ (63)}) 18. Be3
Bxc3 19. bxc3 cxd5 20. exd5 Nc4 21. Bxh6 gxh6 22. Qg4+ Qg5 23. Qxc4 Rac8 24.
Qb5 {1/2 Kramnik,V (2725)-Short,N (2665)/Novgorod 1994/ (46)}) (17. dxe5 Nxe5
18. Nxe5 Qxe5 19. Be3 Bc5 20. Rac1 (20. f4 Qe7 21. Bxc5 Qxc5+ 22. Qf2 Qxf2+ 23.
Kxf2 Rfd8 {1/2 Halkias,S (2549)-Atakisi,U (2439)/Warsaw 2005/ (59)}) 20... Bxe3
21. Qxe3 Nc4 (21... Ra6 22. Bf1 c5 23. Bxa6 bxa6 24. f4 Qe7 25. Nd5 Nxd5 26.
Rxd5 Qb7 27. f5 {1-0 Huzman,A (2577)-Dziuba,M (2429)/Warsaw 2005/}) 22. Qd4
Qxd4 23. Rxd4 Nb6 24. Rcd1 $16 {1/2 Eljanov,P (2639)-Shaw,J (2449)/Gothenburg
2005/ (79)}) 17... Nxe5 18. dxe5 Bc5 $1 (18... Qxe5 19. Be3 Bc5) 19. Be3 {
Gelfand is giving up the attempts the keep the e5-pawn with the help of the
bishop on the f4-square.} (19. Bf4 Rfd8 20. Rxd8+ (20. Qg4 Kh8 21. Qh5 Kg8 $14)
20... Rxd8 21. h4 Nd7 22. Rd1 Bb6 23. e6 Qxe6 24. Be3 Bc7 $14) 19... Bxe3 20.
Qxe3 Nc4 21. Qe2 (21. Qd4 Nxb2 $5 (21... Nxe5 $6 22. f4 Ng4 23. Bf3 $16) 22.
Qd6 Qe8 23. Rdb1 Rd8 24. Qc7 Rd7 25. Qxa5 Nc4 26. Qc5 Nxe5 $11) 21... Nxe5 22.
f4 Nd7 {Wang Yue very correctly felt that the transfer of the knight to c5 is
safer than the activity of the queen after the check 22...Qc5+.} (22... Qc5+
23. Kh1 (23. Qf2 Qxf2+ 24. Kxf2 Ng4+ 25. Kg1 Rfd8 26. Bf3 Ne3 27. Rxd8+ Rxd8
28. Kf2 Nc4 $11) 23... Nc4 24. Rac1 (24. Bf1 Nb6 (24... Ne3 25. Rd3 Nxf1 26.
Rxf1 Rad8 27. f5 $14) 25. f5 f6 26. Qd2 $14) 24... Rfd8 25. Nd5 (25. b3 Na3 26.
Nd5 Qf8 27. Nb6 $14) 25... cxd5 26. Rxd5 Rxd5 27. exd5 Rc8 28. b3 Qb4 29. Rxc4
Rxc4 30. bxc4 Qxa4 31. Bf3 $14) 23. Rd4 Rfd8 24. Rad1 Nc5 25. Qe3 Rxd4 (25...
Ne6 26. Rxd8+ Rxd8 27. Rxd8+ Qxd8 28. Kf2 (28. f5 Nd4 29. Kf2 Nc2 $13) 28...
Qd6 $11) 26. Rxd4 (26. Qxd4 f6 27. Bf3 Bg6 $11) 26... Nb3 (26... f6 $5 27. Bf3
Bg6 $11) 27. Rd1 Re8 28. e5 (28. Qa7 Qc5+ 29. Qxc5 Nxc5 30. Rd4 g5 $11) 28...
Qc5 29. Qxc5 Nxc5 {After the exchange of the queens, the black pieces are able
to cope with the enemy pressure. The pawn on a4 could easily become a weakness.
} 30. Bf1 Kf8 31. Kf2 Ke7 32. Ke3 (32. Be2 f6 33. exf6+ Kxf6 34. Bh5 g6 35. Be2
Bg8 $11) 32... f6 33. exf6+ {White has no way of truly supporting the e5-pawn
in the centre.} (33. Bc4 $6 fxe5 34. fxe5 Nd7 35. Kd4 Rf8 $17) 33... Kxf6+ 34.
Kf2 Bc2 35. Rc1 (35. Rd4 g5 $11) 35... Bb3 (35... Bxa4 36. Nd5+ cxd5 37. Rxc5
Bc6 38. Rxa5 $11) 36. Nd5+ Bxd5 37. Rxc5 Re4 38. Bg2 $2 {The mistake which
will be the reason behind Gelfand's loss. Right before the time control he
probably had a chance to grasp how dangerous a bishop endgame can become.} (38.
Rxa5 Rb4 39. Be2 Rxb2 40. Ke3 Rb3+ 41. Kf2 Ra3 $15) 38... Rc4 $1 39. Rxc4 (39.
Rxa5 Rc2+ $19) 39... Bxc4 40. Ke3 (40. Bh3 Bb3 41. Bc8 b6 $19) 40... Bb3 41.
Kd4 Bxa4 42. Kc5 Bb3 43. Be4 {[%mdl 4096] The tragedy lies in the fact that,
after the grab of the b7 pawn, Black would create an unstoppable runner on the
queenside.} (43. Kb6 a4 44. Bh3 (44. Kxb7 c5 45. Kb6 c4 46. Be4 c3 47. bxc3 a3
48. Bb1 a2 49. Bxa2 Bxa2 $19) 44... Be6 45. Bg2 Ke7 46. Bf3 Kd6 47. Bd1 Bb3 48.
Bf3 Bc2 (48... c5 $2 49. Kb5 c4 50. Kb4 $11) 49. Be2 (49. h3 Bd3 50. Kxb7 c5
51. Bd1 a3 52. bxa3 c4 53. Kb6 c3 54. a4 c2 55. Bxc2 Bxc2 56. a5 Bd3 57. a6
Bxa6 58. Kxa6 Kd5 $19) (49. Bg2 Bd3 50. Bf3 c5 51. Bd1 a3 52. bxa3 c4 53. Kxb7
c3 $19) 49... Kd5 50. Kxb7 c5 51. Kb6 a3 52. bxa3 c4 53. Kb5 c3 54. Kb4 Kd4 55.
Bg4 g6 56. Bf3 h5 57. h4 Ba4 $19) 43... a4 44. h4 Bd1 (44... Bd5 45. Bc2 b5 $2
46. g4 Ke6 47. g5 $11) 45. Kd6 h5 $1 {Wang Yue is very convincing in endgames.
Fixing the structure on the kingside simplifies the winning process in the
future pawn endgame.} 46. Bd3 (46. Kc5 Ke6 47. Kb6 Kd6 48. Bg2 (48. Bg6 Kd5 $19
) 48... Be2 49. Be4 c5 50. Bc2 a3 51. bxa3 c4 52. Bg6 Bd1 53. a4 Bxa4 54. Ka5
b5 55. Kb4 Kd5 56. f5 Kd4 $19) 46... Bf3 47. Kc5 b5 48. Bc2 Ke6 49. Bg6 Kd7 50.
Bc2 Kc7 51. b3 {White is not waiting for the enemy king to circumvent the
structure all the way to the a5-square, since then the pawns would start
rolling.} (51. Bg6 Kb7 52. Bf7 Ka6 $19) 51... a3 52. Bb1 Be4 53. Ba2 Kd7 54.
Kb4 Ke6 (54... Ke6 55. Kxa3 Kf5 $19) 0-1

[Event "Beersheba"]
[Site "Beersheba"]
[Date "1990.??.??"]
[Round "4"]
[White "Ftacnik, Lubomir"]
[Black "Smyslov, Vassily V"]
[Result "1/2-1/2"]
[WhiteElo "2560"]
[BlackElo "2570"]
[Annotator "Ftacnik,L"]
[PlyCount "50"]
[EventDate "1990.03.??"]
[EventType "tourn"]
[EventRounds "9"]
[EventCountry "ISR"]
[EventCategory "13"]
[SourceTitle "CBM 017"]
[Source "ChessBase"]
[SourceDate "1990.08.01"]
[SourceVersion "1"]
[SourceVersionDate "1990.08.01"]
[SourceQuality "1"]

1. d4 d5 2. c4 c6 3. Nf3 Nf6 4. Nc3 dxc4 5. a4 Bf5 6. Ne5 Nbd7 7. Nxc4 Qc7 8.
Bg5 Ne4 (8... O-O-O $5) (8... Nd5 $6 9. f3 b5 10. axb5 Nxc3 11. bxc3 cxb5 12.
e4 Bg6 13. Na3 Qxc3+ 14. Kf2 $16) 9. Nxe4 Bxe4 10. f3 Bg6 {N} (10... Bd5 11. e4
Bxc4 12. Bxc4 e5 $6 (12... e6 $14) 13. Qb3 (13. Bxf7+ $1 Kxf7 14. Qb3+ Kg6 15.
Qe6+ Nf6 16. Qf5+ Kf7 17. dxe5 Bb4+ 18. Kf1 Qd7 19. exf6 Qxf5 20. exf5 gxf6 21.
Be3 Rhe8 22. Kf2 Re5 23. Rhd1 Rae8 24. Rd3 $14) 13... Nb6 14. Be3 $14 {
Azmaiparashvili,Z-Finegold,B/Amsterdam II/1989/ ->CBM 15}) 11. Bh4 $1 e5 12.
Bg3 Bb4+ 13. Kf2 f6 14. e3 a5 15. Bd3 $14 Bf7 $1 (15... Bxd3 16. Qxd3 O-O 17.
Rhd1 $16) 16. Qc2 g6 17. Rhd1 $6 (17. h4 $5 O-O-O 18. h5 (18. dxe5 Bxc4 19.
Qxc4 Nxe5 20. Qe6+ Kb8 21. Rhd1 Bd6) 18... gxh5 19. Bf5 $40) 17... O-O (17...
b5 18. axb5 cxb5 19. Na3 Qxc2+ 20. Nxc2 $16) 18. Rac1 Rfe8 19. h4 Kg7 20. h5
Rad8 21. hxg6 hxg6 22. dxe5 (22. Be4 Bxc4 23. Qxc4 Bd6 $10) 22... Nxe5 23. Nxe5
fxe5 24. Bc4 $6 (24. Be4 $5) 24... Bxc4 25. Qxc4 Bd2 $1 $132 {Ftacnik,L} (25...
Bd2 26. Rb1 Rd5 $132) 1/2-1/2

[Event "Stara Zagora zt-A"]
[Site "Stara Zagora"]
[Date "1990.??.??"]
[Round "9"]
[White "Georgiev, Kiril"]
[Black "Ninov, Kiril"]
[Result "1-0"]
[WhiteElo "2605"]
[BlackElo "2465"]
[Annotator "Ftacnik,L"]
[PlyCount "103"]
[EventDate "1990.02.??"]
[EventType "tourn"]
[EventRounds "13"]
[EventCountry "BUL"]
[EventCategory "9"]
[SourceTitle "CBM 017"]
[Source "ChessBase"]
[SourceDate "1990.08.01"]
[SourceVersion "1"]
[SourceVersionDate "1990.08.01"]
[SourceQuality "1"]

1. d4 d5 2. c4 c6 3. Nf3 Nf6 4. Nc3 dxc4 5. a4 Bf5 6. Ne5 Nbd7 7. Nxc4 Nb6 8.
Ne5 e6 9. Bg5 Be7 10. e3 h6 11. Bh4 O-O 12. Bd3 Nfd7 (12... Bxd3 13. Qxd3 $14)
13. Bxe7 Qxe7 14. Bxf5 exf5 15. Nd3 c5 16. O-O cxd4 17. exd4 Nf6 18. Re1 Qd8
19. Nc5 Nc4 20. Nxb7 Qb6 21. b3 $1 Nb2 22. Qf3 $1 Qxd4 (22... Qxb3 23. Ne4 $1
Qxf3 24. Nxf6+ gxf6 25. gxf3 $16) 23. Nb5 Qb6 24. Re2 $1 Ne4 $8 25. Qxf5 Qxb7
26. Rxe4 a6 27. Nd4 Rae8 28. Rg4 Qc7 29. Qf6 g6 30. h4 $2 (30. Nf5 $1 Qe5 31.
Nxh6+ Kh7 32. Qxe5 Rxe5 33. Rh4 Kg7 34. Ng4 Re4 35. Rh7+ $1 Kxh7 36. Nf6+ $18)
30... Qe5 31. Qxa6 h5 32. Nf3 $1 Qc3 33. Rd4 Qxb3 34. a5 Rc8 35. Qb6 Qc3 36.
Qb4 Nd3 37. Qxc3 Rxc3 38. a6 Nc1 39. a7 (39. Rb4 $5) 39... Ne2+ 40. Kh1 Nxd4
41. a8=Q Nxf3 42. Qd5 Rfc8 $2 (42... Nxh4 $1 43. Qd4 Rfc8 44. Qxh4 Rc1+ 45.
Rxc1 Rxc1+ 46. Kh2 Rc5 {/\ Rf5}) 43. gxf3 R3c5 44. Qe4 Rc1+ (44... Rc4 45. Ra8
$1) 45. Rxc1 Rxc1+ 46. Kg2 Rc5 47. Kg3 Kh7 48. Qf4 Rf5 49. Qxf5 $1 gxf5 50. Kf4
Kg6 51. Ke5 f4 52. Ke4 $1 {Ftacnik,L} (52. Ke4 $1 Kf6 53. Kxf4 Kg6 54. Ke5 f6+
55. Ke6 Kg7 56. f4 Kg6 57. f5+ Kg7 58. Ke7 $18) 1-0

[Event "Sigeman & Co 20th"]
[Site "Malmo"]
[Date "2012.05.14"]
[Round "5"]
[White "Grandelius, Nils"]
[Black "Hector, Jonny"]
[Result "1-0"]
[WhiteElo "2556"]
[BlackElo "2560"]
[Annotator "Ftacnik,L"]
[PlyCount "101"]
[EventDate "2012.05.09"]
[EventType "tourn"]
[EventRounds "7"]
[EventCountry "SWE"]
[EventCategory "16"]
[SourceTitle "CBM 149"]
[Source "ChessBase"]
[SourceDate "2012.07.17"]
[SourceVersion "1"]
[SourceVersionDate "2012.07.17"]
[SourceQuality "1"]

1. d4 d5 2. c4 c6 3. Nf3 Nf6 4. Nc3 dxc4 5. a4 Bf5 6. Ne5 e6 7. f3 Bb4 8. Nxc4
O-O 9. Kf2 {The king move has been very popular in the last few months. White
has to expect sacrifices after the ambitious advance 9.e4. The bishop move 9.
Bg5 seems to be much more natural, but White was not getting anywhere with it.}
(9. e4 Nxe4 10. fxe4 Qh4+ 11. Kd2 Qxe4) (9. Bg5) 9... c5 $5 {In a higher sense
the immediate conflict with White's centre must be the best reaction. Black is
ahead in development of his pieces so his chances must be at least fair.} (9...
b5 10. axb5 cxb5 11. Nxb5 Nc6 12. e3 Qb8 13. Nc3 e5 14. d5 Rd8 15. Qa4 Ne7 16.
d6 Bxd6 17. Nxd6 Rxd6 $11 {1/2-1/2 Fressinet,L (2658)-Solak,D (2583)/Eforie
Nord 2009 (28)}) (9... Nbd7 10. e4 Bg6 11. Be3 a5 (11... Qe7 12. Na2 Rfd8 13.
Qb3 a5 14. Nxb4 axb4 15. Be2 c5 16. Rhd1 cxd4 17. Bxd4 Nc5 18. Bxc5 (18. Qe3
Nxa4 19. Ne5 Qe8 20. Qb3 $16 {1-0 Fridman,D (2654)-Kaufeld,J (2254)/Oberhausen
2010 (24)}) 18... Qxc5+ 19. Qe3 Qc7 20. Qb6 Qe7 21. Kg1 h5 22. a5 h4 23. Rxd8+
Rxd8 24. Rd1 Rxd1+ 25. Bxd1 $16 {1-0 Bu Xiangzhi (2680)-Kakageldyev,A (2400)/
Guangzhou 2010 (46)}) 12. Rc1 Ne8 13. h4 h6 14. g3 Nc7 15. Be2 Be7 16. Bf4 Na6
17. Qd2 Nb4 18. Kg2 Bh7 19. Rhd1 Nb6 20. b3 Nd7 21. Bf1 Nf6 22. Be3 $14 {
1-0 Laznicka,V (2659)-Vernay,C (2440)/France 2010 (51)}) (9... Bg6 10. e4 Qc7
11. Qb3 c5 (11... a5 12. Na2 c5 13. Nxb4 axb4 14. dxc5 Na6 15. Be3 Nxc5 16.
Qxb4 Ncxe4+ 17. fxe4 b5 18. Qxb5 Rab8 19. Bb6 Qf4+ 20. Kg1 Qxe4 21. a5 $18 {
1-0 Cheparinov,I (2673)-Arngrimsson,D (2381)/Albena 2012 (24)}) 12. Na2 Nc6 13.
Nxb4 cxb4 14. Be3 Rfd8 15. Rd1 Rd7 16. Ne5 Nxe5 17. dxe5 Rxd1 18. Qxd1 Qxe5 19.
b3 (19. Qd4 Qa5 20. Be2 Qxa4 21. Rc1 h6 $11 {1-0 Ding,L (2679)-Paragua,M (2521)
/Ho Chi Minh City 2012 (41)}) 19... h5 20. Qd4 Qa5 21. Be2 Rd8 22. Qxa7 Qe5 23.
Qb6 $16 {1/2-1/2 Giri,A (2693)-Hector,J (2560)/Malmo 2012 (43)}) 10. e4 Bg6 {
Hector might have been improvising over the board, but there is nothing wrong
with the natural retreat of the bishop. Sacrifices in the centre require the
giving up of the dark-squared bishop.} (10... Bxc3 11. bxc3 Bxe4 12. fxe4 (12.
Ba3 Bd5 13. Ne5 Nbd7 14. Nxd7 Qxd7 15. Bxc5 Rfc8 16. a5 b6 17. Bb4 Qc7 18. Qd2
h6 19. Ba6 Bb7 20. Be2 Nd5 21. c4 Nf4 22. Bf1 Ba6 23. axb6 axb6 24. d5 exd5 25.
g3 Ng6 $14 {1/2-1/2 Giri,A (2624)-Vallejo Pons,F (2708)/Rijeka 2010}) 12...
Nxe4+ 13. Kg1 Nxc3 14. Qe1 (14. Qd3 Qxd4+ 15. Qxd4 cxd4 16. Bb2 Nc6 17. Bxc3
dxc3 18. Rc1 Nd4 19. Rxc3 b5 20. axb5 Nxb5 $14 {1/2-1/2 Almeida Quintana,O 
(2548)-Alarcon Casellas,R (2453)/Badalona 2011}) 14... cxd4 15. Ba3 Re8 (15...
Nc6 16. Bxf8 Qxf8 17. h4 Qc5 18. Nd2 Nb4 19. Qf2 Rd8 20. Rh3 $11 {1-0 Ding,L 
(2547)-Zhou Jianchao (2652)/Danzhou 2010 (38)}) 16. Nd6 Re7 17. Nb5 Rd7 18.
Nxc3 dxc3 19. Qxc3 Nc6 20. h4 Rc8 21. Rc1 Ne7 22. Qb3 Rxc1 23. Bxc1 Nf5 $11 {
0-1 Zhou Jianchao (2636)-Batchuluun,C (2427)/Shenzhen 2011 (39)}) 11. Na2 Nc6 (
11... Ba5 12. Be3 cxd4 13. Qxd4 Qxd4 14. Bxd4 Nc6 15. Bc5 Rfd8 16. Nxa5 Nxa5
17. Be3 $14) 12. Nxb4 Nxb4 {White has won the bishop pair, but his development
is paltry.} (12... cxb4 $2 13. Be3 $16) 13. Qb3 Nxe4+ {[%mdl 4] The time was
clearly ripe for the real action, but Black might have considered sacrificing
the bishop.} (13... Bxe4 $5 14. fxe4 Nxe4+ 15. Kg1 Qxd4+ 16. Be3 Qd5 17. Rd1
Qh5 $11) 14. fxe4 Bxe4 $2 (14... Qxd4+ 15. Be3 Qxe4 16. Be2 Rad8 17. Rhc1 Nd3+
18. Bxd3 Rxd3 19. Rc3 $14) 15. Bd2 $6 {The Swedes are trying to match each
other in politeness. Grandelius had a chance to fight for more with the brave
capture on c5 15.dxc5!} (15. dxc5 $1 Nc2 16. Ra2 Qd5 (16... Qf6+ 17. Kg1 Rfd8
18. Qc3 Rd1 19. Qxf6 gxf6 20. Bh6 Bd3 21. Nd2 Bxf1 22. Nxf1 Rc8 23. h4 $16) 17.
Qc3 Qxc5+ 18. Ne3 Qg5 19. Nxc2 Qf5+ 20. Kg1 Rac8 21. Bc4 Bxc2 22. b3 Bxb3 23.
Qxb3 Qe4 24. Kf2 Rxc4 25. Re1 $14) 15... Nc2 16. Rc1 Nxd4 (16... Qf6+ 17. Kg1
Qxd4+ 18. Be3 Nxe3 19. Qxe3 Rfd8 $11) 17. Qe3 Qd5 18. Qf4 {White has spare
material, but he would also badly need more time for the development.
Preventing the check on f5 is laudable, but it costs that precious commodity.}
(18. Bc3 Qf5+ 19. Kg1 Rad8 20. b4 f6 21. bxc5 Qxc5 22. Bb2 $14) 18... Rad8 19.
Ne3 (19. Bc3 Bxg2 20. Bxg2 Qxc4 21. Bxd4 Qxd4+ 22. Qxd4 Rxd4 23. Rxc5 b6 24.
Rc7 Rxa4 25. Rd1 g5 $11) 19... Qc6 20. Bc3 e5 $5 {Hector is bravely trading
one pawn for several tempi, White will have to be especially careful.} (20...
a6 21. b4 cxb4 22. Bb2 Nc2 23. Nxc2 Bxc2 24. Qxb4 $14) 21. Qxe5 Rfe8 22. Qg3 (
22. Qf4 Re6 (22... Qxa4 23. Bc4 Qd7 24. Rhe1 h6 25. b4 $16) 23. Kg1 Qxa4 24.
Qc7 Qe8 $11) 22... Qf6+ {The general failure is forcing the defender to
consider alternatives for the future. The line with elimination of the a4-pawn
seems to be very playable.} (22... Qxa4 23. Bc4 Qd7 24. Rhd1 b5 25. Bf1 $14) (
22... Qh6 $6 23. Bc4 $16) 23. Kg1 Qh6 24. Re1 (24. Bc4 Bxg2 $1 25. Bxd4 Rxd4
26. Kxg2 Rd2+ 27. Kf1 Qxe3 28. Qxe3 Rxe3 29. b3 $11) 24... f5 25. Qf2 (25. Bc4+
$5 Kh8 26. Rf1 Bd3 27. Bxd4 Rxd4 28. Bxd3 f4 29. Nf5 fxg3 30. Nxh6 Rxd3 31. Nf5
$14) 25... f4 26. Bxd4 $1 {White finds a good time for the exchange of the
mighty black knight. The defence of his position will become easier with a
fair chance of consolidating all forces.} (26. Bc4+ Kh8 27. Nf1 Qg6 28. Nd2 Bc6
$14) 26... cxd4 27. Nc4 d3 (27... Qf6 28. h4 Bc6 29. Rxe8+ Rxe8 30. Rh3 $16)
28. h4 (28. Nd2 Bf5 29. Rxe8+ Rxe8 30. Qd4 Qb6 31. Qxb6 axb6 32. Kf2 Rc8 33. g4
$14) 28... Bf5 $6 {Black is becoming disillusioned and frustrated with the
lack of concrete compensation. Within a few moves his chances will evaporate
and White's spare bishop will carry the day.} (28... f3 $1 29. gxf3 Qg6+ 30.
Kh2 (30. Bg2 Bc6 31. Kh2 Qf6 $132) 30... Qf6 31. Nd2 Qf4+ 32. Kg1 Bf5 33. b3
$16) 29. Rxe8+ Rxe8 30. Qd4 Qh5 (30... Qc6 $1 31. Bxd3 f3 32. Bf1 $16) 31. Nd6
Rf8 (31... Re6 32. Nxf5 Qxf5 33. Bxd3 $18) 32. Qd5+ Kh8 33. Nxf5 d2 (33... Qxf5
34. Qxf5 Rxf5 35. Rh3 $18) 34. Qxd2 Qxf5 35. Rh3 {Black has just one miserable
pawn for the missing piece and very little hope of saving half a point.} Qc5+ (
35... Qf6 36. Qf2 h6 37. Rd3 $18) 36. Qf2 Qb4 37. b3 h6 38. Rf3 (38. Qxa7 b6
39. Bc4 Qd6 40. Rf3 $18) 38... a6 39. g3 $1 b5 {All pawn moves are painful in
time trouble, even more so if they are patently insufficient.} (39... g5 40.
hxg5 hxg5 41. Qb2+ Kh7 42. Bd3+ Kh6 43. Qe5 $18) 40. axb5 axb5 41. Rxf4 Rxf4
42. Qxf4 Qxb3 43. Qf8+ Kh7 44. Qf5+ Kg8 (44... g6 45. Qd7+ Kg8 46. Bd3 $18) 45.
Qd3 {Grandelius still has two pawns so the wrong colour bishop for the h8
corner is not a problem.} Qe6 46. Qxb5 Qe3+ 47. Kh2 g5 48. Bc4+ Kf8 49. Qf5+
Ke7 50. Qh7+ Ke8 51. Bb5+ 1-0

[Event "London WFW"]
[Site "London"]
[Date "1991.??.??"]
[Round "?"]
[White "Wells, Peter K"]
[Black "Hector, Jonny"]
[Result "0-1"]
[WhiteElo "2460"]
[BlackElo "2465"]
[Annotator "Ftacnik,L"]
[PlyCount "52"]
[EventDate "1991.05.??"]
[EventType "tourn"]
[EventRounds "13"]
[EventCountry "ENG"]
[EventCategory "11"]
[SourceTitle "CBM 024"]
[Source "ChessBase"]
[SourceDate "1991.10.01"]
[SourceVersion "1"]
[SourceVersionDate "1991.10.01"]
[SourceQuality "1"]

1. d4 {Hertneck} d5 2. c4 c6 3. Nf3 Nf6 4. Nc3 dxc4 5. a4 Bf5 6. Ne5 e6 7. f3
Bb4 8. e4 Bxe4 9. fxe4 Nxe4 10. Bd2 Qxd4 11. Nxe4 Qxe4+ 12. Qe2 Bxd2+ 13. Kxd2
Qd5+ 14. Kc2 Na6 15. Nxc4 O-O-O 16. Qe5 f6 17. Qe3 Kb8 $1 18. Rg1 {N} (18. Kb3
e5 (18... Nc5+ 19. Ka3 (19. Kb4 Na6+ 20. Kb3 $10 (20. Ka3 b5 21. axb5 cxb5 22.
Na5 Qd6+ 23. Kb3 Qb4+ 24. Kc2 Rd6 $1 $17)) 19... Nxa4 20. b4 Nb6 21. Nxb6 axb6
22. Qxb6 {Shirov-Mascarinas/Manila izt/1990/} Qe5 $1 23. Ba6 Qc3+ 24. Ka4 Qc2+
25. Ka3 Qc3+ $10 {Shirov}) 19. Be2 Nc5+ 20. Kb4 Ne6 21. Bf3 Qd7 22. Ka3 Qe7+
23. Ka2 Qb4 24. Qc3 Qxc3 25. bxc3 Nc5 $10 {Novikov-Bareev/URS-ch/1990/}) (18.
Be2 Qxg2 19. Rhg1 Qxh2 20. Rxg7 Nb4+ 21. Kb3 Nd5 22. Qf3 Qh4 $1 (22... Qf4 23.
Rf1 Qd4 24. Qf2 Qxf2 25. Rxf2 Rc8 26. Bh5 Rc7 $10 {Blees,A-Cuijpers,F/
Hilversum ch-NL/1989/}) 23. a5 Qd4 $10 {Hertneck,G-Finegold,B/BRD/1990/}) 18...
Qf5+ 19. Kb3 (19. Kc3 Nc7 $13 (19... Nc7 {Hertneck} 20. Kb3 $13)) (19. Bd3 $4 {
Hertneck} Rxd3 20. Qxd3 Nb4+ $19) 19... Nc5+ 20. Kb4 $6 (20. Ka3 Rd5 $36 (20...
Nxa4 {Hertneck} 21. Kxa4 Qb5+ 22. Ka3 Qa6+ 23. Kb3 Qxa1 $17)) 20... Rd5 21. g4
$2 (21. Rc1 Rhd8 $40) 21... Qc2 $1 22. Qg3+ (22. Rg2 Nd3+ $1 23. Bxd3 (23. Qxd3
a5+ 24. Nxa5 Qc5+ 25. Kb3 Rxd3+ 26. Bxd3 Qd5+ $19) 23... c5+ (23... Qxg2 24.
Be4 Qxh2 (24... Qxg4 {Hertneck} 25. Rg1 Qh4 $17) 25. Rh1 Qc7 26. Bxd5 cxd5 $17)
(23... a5+ 24. Nxa5 c5+ 25. Ka3 $1 (25. Kb5 Qxg2 26. Nc4 Rxd3 $1 27. Qxd3 Qc6+
28. Ka5 Qa6#) 25... Rxd3+ 26. b3 Qc3 27. Qe1 $1) 24. Qxc5 (24. Ka5 Qb3 25. Qe1
Rd6 $1 $19) 24... Qxd3 25. Rd2 (25. Rg3 a5+ 26. Qxa5 Qxc4+ 27. Kxc4 Rxa5 $17)
25... a5+ $1 26. Qxa5 Qxc4+ 27. Kxc4 Rxa5 28. Rd7 Rc8+ 29. Kb4 Rg5 30. h3 Rc2
$17) (22. Qc3 Qxh2 $17) 22... e5 23. Rg2 (23. Qc3 Qxh2 $17) 23... Nd3+ 24. Bxd3
c5+ $1 25. Ka5 Qb3 26. Qe1 $8 Rd6 $1 {Ftacnik,L} (26... Rd6 $1 27. Nxd6 Qb6#)
0-1

[Event "Interzonal-15"]
[Site "Manila"]
[Date "1990.??.??"]
[Round "1"]
[White "Shirov, Alexei"]
[Black "Mascarinas, Rico"]
[Result "1/2-1/2"]
[WhiteElo "2580"]
[BlackElo "2465"]
[Annotator "Ftacnik,L"]
[PlyCount "108"]
[EventDate "1990.06.29"]
[EventType "swiss"]
[EventRounds "13"]
[EventCountry "PHI"]
[SourceTitle "CBM 019"]
[Source "ChessBase"]
[SourceDate "1990.12.01"]
[SourceVersion "1"]
[SourceVersionDate "1990.12.01"]
[SourceQuality "1"]

1. d4 Nf6 2. c4 c6 3. Nc3 d5 4. Nf3 dxc4 5. a4 Bf5 6. Ne5 e6 7. f3 Bb4 8. e4
Bxe4 9. fxe4 Nxe4 10. Bd2 Qxd4 11. Nxe4 Qxe4+ 12. Qe2 Bxd2+ 13. Kxd2 Qd5+ 14.
Kc2 Na6 15. Nxc4 O-O-O 16. Qe5 f6 17. Qe3 Kb8 {N} (17... Nc5 18. b4 $1 Nxa4 $6
19. Be2 Nb6 20. Nxb6+ axb6 21. Rhd1 $18 {Stohl,I-Haba,P/Praha/1989/}) 18. Kb3 (
18. Kc3 Nc7 $13) 18... Nc5+ 19. Ka3 (19. Kb4 Na6+ 20. Kb3 (20. Ka3 $2 b5 21.
axb5 cxb5 22. Na5 Qd6+ 23. Kb3 Qb4+ 24. Kc2 Rd6 $1 $40)) 19... Nxa4 20. b4 $1 (
20. Kxa4 Qb5+ 21. Ka3 Qa6+ $19) 20... Nb6 (20... b5 21. Be2 Qd4 22. Qxd4 Rxd4
23. Na5) 21. Nxb6 axb6 22. Qxb6 Qd4 $2 (22... Qe5 23. Ba6 Qc3+ 24. Ka4 Qc2+ 25.
Ka3 Qc3+ $10) 23. Qxd4 Rxd4 24. Be2 $16 Rd2 25. Rhe1 Kc7 26. Kb3 Rhd8 27. Rac1
Kb6 28. Rc2 R2d4 (28... Rxc2 29. Kxc2 e5 $16) 29. Bc4 e5 30. Re3 Rh4 31. h3
Rhd4 32. Kc3 Kc7 33. Bd3 (33. g4 $5 {/\ Bd3, Rf2+-}) 33... g6 34. Rf2 f5 35.
Bc2 Kd6 (35... e4 36. g4 $18) 36. Rfe2 Re8 37. Bb3 b6 38. Ra2 $1 Re7 39. Ra8 (
39. Ra6 $1 b5 40. Ra8) 39... c5 40. bxc5+ Kxc5 41. Rc8+ Kd6 42. Rd8+ Kc5 43.
Rxe5+ Rxe5 44. Rc8+ Kd6 45. Kxd4 Re2 46. Rc2 $1 Rxc2 (46... Re4+ 47. Kd3 g5 $16
) 47. Bxc2 Ke6 48. Bd3 h5 49. Bc4+ Kf6 50. Kd5 h4 51. Bd3 $2 (51. Kd6 $1 g5 52.
Be2 b5 (52... g4 53. hxg4 Kg5 54. gxf5 Kxf5 55. Bb5 Kf4 56. Bd7 $18) 53. Bxb5
g4 54. hxg4 Kg5 (54... fxg4 55. Bd7 Kg5 56. Ke5 h3 57. g3 h2 58. Bc6 $18) 55.
gxf5 h3 56. g4 h2 57. Bc6 $18) 51... g5 52. Be2 b5 53. Bxb5 g4 54. hxg4 Kg5 $1
{Ftacnik,L} (54... Kg5 55. gxf5 h3 $1 56. gxh3 Kxf5 $10) 1/2-1/2